| 000 | 00628nam a22002530a 4500 | ||
|---|---|---|---|
| 001 | PT32071 | ||
| 003 | AR-LpoUNG | ||
| 005 | 20210131225914.0 | ||
| 008 | 191001s1958||||ag |||||||||||||||||spa d | ||
| 040 |
_aAR-LpoUNG _bspa _cAR-LpoUNG _eaacr |
||
| 041 | _aspa | ||
| 044 | _aag | ||
| 082 | 0 | _aA863 277dia | |
| 100 | 1 | _aAgrest, J. | |
| 245 | 1 | 0 |
_aDiario de un foguista : _b1§ período |
| 250 | _a1ª ed. | ||
| 260 |
_aBuenos Aires : _bJ. Agrest, _c1958. |
||
| 650 | 4 | _aARGENTINA | |
| 650 | 4 | _aLITERATURA | |
| 651 | 4 | _aDOCUMENTOS TEORICOS O METODOLOGICOS | |
| 700 | 1 |
_aRoig, M. T. _eil. |
|
| 905 | _a32071 | ||
| 942 | _cLIB | ||
| 999 |
_c433 _d433 |
||